Eesti NSV kohtukorralduse seadus

Titel: Eesti NSV kohtukorralduse seadus = Zakon o sudoustrojstve Ėstonskoj SSR
Veröffentlicht: Tallinn : Eesti Raamat, 1965
Umfang: 43 S.
Format: Buch
Sprache: Russisch; Estnisch
Kein Bild verfügbar
X
Lokale Klassifikation: 47 12 M
alg: 23001324
001A    $03004:06-01-11 
001B    $01999:25-04-21 $t10:50:30.000 
001C    $03004:16-11-11 $t12:29:53.000 
001D    $03004:06-01-11 
001U    $0utf8 
001X    $00 
002@    $0Aau 
003@    $0230013244 
003O    $0254817128 $aOCoLC 
007A    $0230013244 $aHEB 
007T    $0Herdhh230013244 
010@    $arus $aest 
011@    $a1965 
021A    $aEesti NSV kohtukorralduse seadus $fZakon o sudoustrojstve Ėstonskoj SSR 
027A/01 $aZakon o sudoustrojstve Ėstonskoj SSR 
033A    $pTallinn $nEesti Raamat 
034D    $a43 S. 
045F    $a340.09 $eDDC23BSB 
045F/01 $a340.09 
045F/03 $g4798 
046L    $aText estn. u. russ. 

lok: 23001324 24
101B    $006-01-11 $t13:57:45.000 
101C    $006-01-11 
101U    $0utf8 
145Z/01 $a47 12 M 

exp: 23001324 24 1 #EPN
201B/01 $025-11-11 $t10:16:57.000 
201C/01 $006-01-11 
201U/01 $0utf8 
203@/01 $0604046618 
208@/01 $a16-11-11 $bz 
209A/01 $aS 25588 $du $f050 $hS 25588 $x00 
209C/01 $a10.7298 G $h10 7298 G 
209G/01 $a72774221 $x00 
220C/01 $amar 
247C/01 $8358050-7 Marburg, Bibliothek des Herder-Instituts Marburg $9102600961 

lok: 23001324 78

exp: 23001324 78 1 #EPN
201B/01 $019-04-17 $t21:55:18.000 
201U/01 $0utf8 
203@/01 $0793840554 
208@/01 $a12-11-16 $be 
209A/01 $a/ $f000 $x00 
237A/01 $aText estn. u. russ. - weiterführende Signatur(en): Herder-Institut: S 25588 
244Z/01 $2Trx $#Estija $#Igaunija $#Estland $#Estonia $#Estonia $#Estónsko $#Estonsko $8--Trx--Eesti $x01 $9391237225 
245Z/01 $a07.02 $x01 
247C/01 $82080>Marburg/Lahn, Herder-Institut, Forschungsbibliothek, Bibliographieportal $9336309341
LEADER 00000cam a2200000 c 4500
001 230013244
003 DE-603
005 20210425105030.0
007 tu
008 110106s1965 xx |||| | u00||u|rus c
035 |a (DE-599)HEB230013244 
035 |a (OCoLC)254817128 
040 |a DE-603  |b ger  |c DE-603  |d DE-603 
041 |a rus  |a est 
082 0 4 |8 1\u  |a 340.09  |q DE-101  |2 23/BSB 
085 |8 1\u  |b 340.09 
085 |8 1\u  |z 2  |s 4798 
245 0 0 |a Eesti NSV kohtukorralduse seadus  |b = Zakon o sudoustrojstve Ėstonskoj SSR 
246 1 3 |a Zakon o sudoustrojstve Ėstonskoj SSR 
264 1 |a Tallinn  |b Eesti Raamat  |c 1965 
300 |a 43 S. 
546 |a Text estn. u. russ. 
924 0 |9 Mb 50  |a (DE-603)604046618  |b DE-Mb50  |c HES  |d c  |g S 25588 
924 0 |9 2080  |a (DE-603)793840554  |b DE-2080  |c HES  |d d  |g /